| 000 | 00521cam a2200217ua 4500 | ||
|---|---|---|---|
| 001 | 9716 | ||
| 005 | 20260515114520.0 | ||
| 008 | 160802n ii |||gr||||Z||||||eng | ||
| 020 | _a8176630500 | ||
| 040 | _cMAIN | ||
| 041 | _aeng | ||
| 082 | _a330.9 | ||
| 100 |
_aPaul, R.R., _eAuthor. |
||
| 245 |
_aHistory of economic thought _cby R.R. Paul |
||
| 250 | _a5th rev/enl ed. | ||
| 260 |
_aLudhiana: _bKalyani publishers, _c1999. |
||
| 300 | _a638p. | ||
| 653 | _aEconomics | ||
| 653 | _aEconomic thought | ||
| 942 | _cBK | ||
| 999 |
_c8721 _d8721 |
||